00306nam a22001337a 4500003000400000008004100004020001800045082001600063100001700079245003200096250001100128260002500139300000800164OSt240412b |||||||| |||| 00| 0 eng d a9789355513304 a005.133 BHD aBHASIN,Harsh aData Structures With Python a1st Ed aNew DelhibBPBc2024 a402